| 000 | 00811 a2200205 4500 | ||
|---|---|---|---|
| 008 | 101206t xxu||||| |||| 00| 0 eng d | ||
| 010 | _aENG-90053 | ||
| 020 |
_c595.00 _a0195690508 |
||
| 035 | _aEN-73586 | ||
| 037 | _bDBAD / PUB | ||
| 082 | 1 | 4 | _a345.5405 |
| 245 | 1 |
_aHandbook of human rights and criminal justice in India: _bthe system and procedure/ _cSouth Asia Human Rights Documentation Centre |
|
| 250 | _a2nd ed | ||
| 260 |
_aNew Delhi _bOxford University Press _c2007 |
||
| 270 |
_aYMCA Library Building, Jai Singh Road _bNew Delhi _cDelhi _e110001 |
||
| 300 |
_axiv, 217p. _c26 cm (Hb) |
||
| 500 | _aIncludes bibliographical references & index. | ||
| 942 |
_adpl _cEN _k345.5405 / HAN _2ddc |
||
| 999 |
_c11868 _d11868 |
||